Boletín informativo /
Descripción Física:
8 exemplars : periodicitat mensual ; 28 cm
Materias:
Institut del Teatre (Barcelona, Catalunya). -- Biblioteca
; Institut del Teatre (Barcelona, Catalunya) -- Revistes
; Revistes
Idioma:
Español
MARC
| LEADER | 00000nas a2200000Ia 4500 | ||
|---|---|---|---|
| 001 | 27762 | ||
| 003 | Arxiu | ||
| 005 | 20260324180155.0 | ||
| 008 | 160829d1972 spcmrx spa c | ||
| 040 | |a AGDB | ||
| 080 | |a Revistes | ||
| 110 | 2 | |a Institut del Teatre (Barcelona, Catalunya). |b Biblioteca |9 56290 |e entitat autora | |
| 245 | 1 | 0 | |a Boletín informativo / |c Biblioteca y Museo del Instituto del Teatro |
| 260 | |a Barcelona : |b Diputación Provincial, |c 1971-1972 | ||
| 300 | |a 8 exemplars : |b periodicitat mensual ; |c 28 cm | ||
| 310 | |a Mensual | ||
| 362 | |a Marzo 1971 | ||
| 590 | |a Periodicitat desconeguda. | ||
| 590 | |a Descripció basada en: Oct. 1972. | ||
| 590 | |a Provenen de G-503 i de R-891 | ||
| 610 | 2 | 0 | |9 56290 |a Institut del Teatre (Barcelona, Catalunya). |b Biblioteca |
| 610 | 2 | 0 | |9 55971 |a Institut del Teatre (Barcelona, Catalunya) |v Revistes |
| 655 | 0 | |9 55823 |a Revistes | |
| 866 | |a 1971 (març, abr., maig, juny, jul.-set., oct., nov., des.) | ||
| 866 | |a 1972 (oct.) | ||
| 901 | |a Arxiu | ||
| 942 | |n 1 |2 udc |c REV | ||
| 952 | |0 0 |1 0 |4 0 |6 REV2088 |7 1 |9 54626 |a Arxiu |b Arxiu |d 2023-04-25 |h Març 1971-Octubre 1972 |o Rev-2088 |p 27762 |r 2016-12-01 00:00:00 |w 2016-12-01 |y ARXIU | ||
| 999 | |c 58495 |d 58495 | ||